000 00430nam a22001697a 4500
003 NUST - PNEC
005 20170116181032.0
008 150915b xxu||||| |||| 00| 0 eng d
020 _a8123905580
040 _cLIBRARY
082 _a621.3121 BLA
100 _911132
_aBlack & Veatch
245 _aPower plant engineering
_cBlack & Veatch
260 _cc 1996
650 _910724
_aPower (Mechanics)
_xME, IME
942 _2ddc
_cBK
999 _c67765
_d67765